[Event "Titled Tuesday intern op 5th Sept"]
[Site "Chess.com INT"]
[Date "2017.09.05"]
[Round "1"]
[White "Brock, Lesnar"]
[Black "Tagelsir, Abubaker"]
[Result "1/2-1/2"]
[WhiteElo "2487"]
[BlackElo "2219"]
[PlyCount "226"]
[EventDate "2017.09.05"]
[EventType "swiss (blitz)"]
[EventRounds "10"]
[EventCountry "USA"]
[SourceTitle "EXT 2021"]
[Source "ChessBase"]
[SourceDate "2020.10.23"]
[SourceVersion "1"]
[SourceVersionDate "2020.10.23"]
[SourceQuality "1"]

1. c4 c6 2. Nf3 d5 3. g3 Nf6 4. Bg2 h6 5. 0-0 Bf5 6. Qb3 Qb6 7. d3 e6 8. Be3 Qxb3 9. axb3 a6 10. Nc3 Nbd7 11. Na4 Bd6 12. Nb6 Nxb6 13. Bxb6 0-0 14. Nd2 Bb4 15. Ba5 Be7 16. e4 dxe4 17. dxe4 Bg6 18. Rfe1 Rfc8 19. h3 Bd8 20. Bc3 Bb6 21. Kf1 Rd8 22. Ke2 Rd7 23. Red1 Rad8 24. e5 Nh7 25. Ne4 Nf8 26. Rxd7 Rxd7 27. Nd6 Bc5 28. Ne4 Be7 29. f4 Rd8 30. Rd1 Rxd1 31. Kxd1 Nd7 32. Bd4 Kf8 33. Kd2 Bb4+ 34. Bc3 Be7 35. b4 Ke8 36. b3 Kd8 37. Nd6 Bxd6 38. exd6 f6 39. c5 a5 40. g4 axb4 41. Bxb4 Nb8 42. Kc3 Kd7 43. Ba5 Bh7 44. b4 Bg6 45. Bf3 Bh7 46. Bb6 Bg6 47. h4 Bh7 48. g5 hxg5 49. hxg5 Bf5 50. gxf6 gxf6 51. Be2 e5 52. fxe5 fxe5 53. b5 cxb5 54. Bxb5+ Nc6 55. Kc4 Be4 56. Ba4 Bg2 57. Bc7 Bf3 58. Bc2 Be2+ 59. Kc3 Bg4 60. Be4 Be6 61. Bb6 Kc8 62. Kd2 Kd7 63. Ke3 Kc8 64. Bg6 Kd7 65. Ke4 Bh3 66. Bc7 Be6 67. Bf5 Bxf5+ 68. Kxf5 Nd4+ 69. Kxe5 Nc6+ 70. Kd5 Nb4+ 71. Kc4 Nc6 72. Kb5 Kc8 73. Ba5 Ne5 74. Bc3 Nd7 75. Bd4 Nb8 76. Kc4 Kd7 77. Kd5 Nc6 78. Bc3 Nb8 79. Ba5 Nc6 80. Bc7 Nb4+ 81. Kc4 Nc6 82. Kb5 Kc8 83. Kb6 Ne5 84. Kb5 Nc6 85. Ba5 Ne5 86. Bc3 Nc6 87. Kb6 Nb8 88. Bd4 Nd7+ 89. Ka7 Nb8 90. Be3 Nd7 91. Bf2 Nb8 92. Kb6 Nd7+ 93. Kb5 Nb8 94. Bg3 Kd7 95. Kb6 Kc8 96. Kb5 Nc6 97. Kc4 Kd7 98. Bh2 Nb8 99. Kd5 Nc6 100. Bg1 Nb8 101. Kc4 Nc6 102. Kb5 Nb8 103. Kb6 Kc8 104. Ka7 Nc6+ 105. Kb6 Nb8 106. Kb5 Nc6 107. Bh2 Nb8 108. Kc4 Kd7 109. Kd5 Nc6 110. Bg1 Nb8 111. Kc4 Nc6 112. Kb5 Nb8 113. Kb6 Kc8 1/2-1/2

[Event "Titled Tuesday intern op 5th Sept"]
[Site "Chess.com INT"]
[Date "2017.09.05"]
[Round "6"]
[White "Matthiesen, Martin"]
[Black "Brock, Lesnar"]
[Result "1-0"]
[WhiteElo "2291"]
[BlackElo "2445"]
[PlyCount "69"]
[EventDate "2017.09.05"]
[EventType "swiss (blitz)"]
[EventRounds "10"]
[EventCountry "USA"]
[SourceTitle "EXT 2021"]
[Source "ChessBase"]
[SourceDate "2020.10.23"]
[SourceVersion "1"]
[SourceVersionDate "2020.10.23"]
[SourceQuality "1"]

1. d4 Nf6 2. c4 e6 3. Nc3 Bb4 4. g3 0-0 5. Bg2 d5 6. Nf3 dxc4 7. 0-0 Nc6 8. a3 Be7 9. e3 a6 10. Qe2 Na5 11. Ne5 Rb8 12. Nxc4 Nb3 13. Rb1 Nxc1 14. Rfxc1 c5 15. dxc5 Bxc5 16. b4 Ba7 17. Na5 Bb6 18. Nc4 Bc7 19. b5 axb5 20. Nxb5 Bd7 21. Nxc7 Qxc7 22. Qb2 b5 23. Ne5 Qa7 24. Bc6 Rb6 25. Nxd7 Nxd7 26. Bxb5 Qb7 27. a4 Qe4 28. Qc2 Qxc2 29. Rxc2 Ne5 30. a5 Rb7 31. a6 Ra7 32. f4 Ng6 33. Bf1 Ne7 34. Rb7 Rfa8 35. Rcc7 1-0

[Event "Titled Tuesday intern op 6th June"]
[Site "Chess.com INT"]
[Date "2017.06.06"]
[Round "7"]
[White "Brock, Lesnar"]
[Black "Vysochin, Spartak"]
[Result "0-1"]
[WhiteElo "2471"]
[BlackElo "2531"]
[PlyCount "116"]
[EventDate "2017.06.06"]
[EventType "swiss (blitz)"]
[EventRounds "10"]
[EventCountry "USA"]
[SourceTitle "EXT 2021"]
[Source "ChessBase"]
[SourceDate "2020.10.23"]
[SourceVersion "1"]
[SourceVersionDate "2020.10.23"]
[SourceQuality "1"]

1. e4 e6 2. d4 d5 3. Nc3 Nf6 4. e5 Nfd7 5. f4 c5 6. Nf3 Nc6 7. Be3 Be7 8. Qd2 b6 9. Bb5 Bb7 10. 0-0 0-0 11. Nd1 cxd4 12. Nxd4 Rc8 13. Bxc6 Bxc6 14. Nf2 Nc5 15. c3 a5 16. f5 exf5 17. Nxf5 Re8 18. Ng4 Ne4 19. Qe2 Bg5 20. Bd4 h5 21. Nf2 Nd2 22. Rfd1 Qd7 23. Qd3 Ne4 24. Nxe4 dxe4 25. Qh3 g6 26. Nd6 Qxh3 27. gxh3 b5 28. Nxc8 Rxc8 29. Re1 Bd5 30. Be3 Bh4 31. Bf2 Bg5 32. Be3 Be7 33. a3 Bc4 34. Rad1 Bd3 35. Bf2 b4 36. axb4 axb4 37. Bd4 b3 38. Ra1 Bh4 39. Bf2 Bg5 40. Be3 Be7 41. Ra7 Bc5 42. Bxc5 Rxc5 43. e6 fxe6 44. Kf2 Rf5+ 45. Ke3 e5 46. Rg1 Rf3+ 47. Kd2 Rf2+ 48. Ke1 e3 49. Ra1 Re2+ 50. Kd1 Rd2+ 51. Ke1 Re2+ 52. Kd1 Rxb2 53. Ke1 Re2+ 54. Kd1 Rd2+ 55. Ke1 b2 56. Ra8+ Kg7 57. Rb8 Rc2 58. Rb7+ Kh6 0-1

[Event "Titled Tuesday intern op 6th June"]
[Site "Chess.com INT"]
[Date "2017.06.06"]
[Round "3"]
[White "Hamitevici, Vladimir"]
[Black "Brock, Lesnar"]
[Result "0-1"]
[WhiteElo "2487"]
[BlackElo "2471"]
[PlyCount "70"]
[EventDate "2017.06.06"]
[EventType "swiss (blitz)"]
[EventRounds "10"]
[EventCountry "USA"]
[SourceTitle "EXT 2021"]
[Source "ChessBase"]
[SourceDate "2020.10.23"]
[SourceVersion "1"]
[SourceVersionDate "2020.10.23"]
[SourceQuality "1"]

1. e4 c6 2. Ne2 d5 3. e5 g6 4. d4 f6 5. h4 Bg7 6. exf6 Nxf6 7. Bf4 0-0 8. Nbc3 Qb6 9. Qd2 Qxb2 10. Rb1 Qa3 11. Bh6 Qd6 12. f3 Nbd7 13. g4 e5 14. Bxg7 Kxg7 15. h5 gxh5 16. g5 Ng8 17. Ng3 exd4 18. Nxh5+ Kf7 19. Ne2 c5 20. f4 Nb6 21. c3 dxc3 22. Qd3 Qg6 23. Nxc3 Bf5 24. Qb5 Rfe8+ 25. Kf2 Bxb1 26. Nxb1 Qe4 27. Rh3 Qd4+ 28. Kg2 Re3 29. Ng3 Kf8 30. Rxh7 Rae8 31. g6 R3e7 32. Nf5 Qe4+ 33. Kg3 Qxf5 34. Bd3 Re3+ 35. Kg2 Qg4+ 0-1

[Event "Titled Tuesday intern op 7th March"]
[Site "Chess.com INT"]
[Date "2017.03.07"]
[Round "4"]
[White "Brock, Lesnar"]
[Black "Matko, Ognjen"]
[Result "0-1"]
[WhiteElo "2396"]
[BlackElo "2302"]
[PlyCount "44"]
[EventDate "2017.03.07"]
[EventType "swiss (blitz)"]
[EventRounds "11"]
[EventCountry "USA"]
[SourceTitle "EXT 2021"]
[Source "ChessBase"]
[SourceDate "2020.10.23"]
[SourceVersion "1"]
[SourceVersionDate "2020.10.23"]
[SourceQuality "1"]

1. e4 e5 2. Nf3 Nc6 3. d4 exd4 4. Nxd4 Nf6 5. Nxc6 bxc6 6. e5 Qe7 7. Qe2 Nd5 8. c4 Ba6 9. Nd2 Nf4 10. Qe4 Ne6 11. Be2 g6 12. 0-0 Bg7 13. Nf3 0-0 14. b3 f5 15. exf6 Qxf6 16. Rb1 Rae8 17. Bb2 Nf4 18. Bxf6 Rxe4 19. Bxg7 Nxe2+ 20. Kh1 Kxg7 21. Rfd1 d6 22. h3 Nc3 0-1

[Event "Titled Tuesday intern op 6th Sept"]
[Site "Chess.com INT"]
[Date "2016.09.06"]
[Round "4"]
[White "Palachev, Petr"]
[Black "Brock, Lesnar"]
[Result "1/2-1/2"]
[WhiteElo "2407"]
[BlackElo "2441"]
[PlyCount "92"]
[EventDate "2016.09.06"]
[EventType "swiss (blitz)"]
[EventRounds "9"]
[EventCountry "USA"]
[SourceTitle "EXT 2021"]
[Source "ChessBase"]
[SourceDate "2020.10.23"]
[SourceVersion "1"]
[SourceVersionDate "2020.10.23"]
[SourceQuality "1"]

1. Nf3 Nf6 2. d4 e6 3. c4 d5 4. Nc3 dxc4 5. e4 Bb4 6. Bxc4 Nxe4 7. 0-0 Nxc3 8. bxc3 Be7 9. Ne5 0-0 10. Re1 Nc6 11. Qg4 f5 12. Qf3 Nxe5 13. Rxe5 Kh8 14. Bf4 Bd6 15. Rae1 g5 16. Bd2 Bxe5 17. Rxe5 Qf6 18. h4 g4 19. Qg3 Bd7 20. Bf4 Kg8 21. d5 Rae8 22. Qe3 exd5 23. Bxd5+ Kg7 24. Bxb7 Kg6 25. Qd4 Rxe5 26. Bxe5 Qe7 27. Bxc7 Bc6 28. Bd6 Qxb7 29. Bxf8 Bxg2 30. Qd6+ Kf7 31. Bh6 Bh3 32. Qf8+ Kg6 33. Qg8+ Kf6 34. Bg5+ Ke5 35. Qe8+ Kd5 36. Qe3 Qb1+ 37. Kh2 Qe4 38. Qxe4+ Kxe4 39. Kg3 Bf1 40. Bf6 h5 41. a4 f4+ 42. Kh2 a6 43. a5 Bc4 44. Bd4 Kf3 45. Kg1 g3 46. Bb6 g2 1/2-1/2

[Event "Titled Tuesday intern op 5th July"]
[Site "Chess.com INT"]
[Date "2016.07.05"]
[Round "4"]
[White "Niemann, Hans Moke"]
[Black "Brock, Lesnar"]
[Result "0-1"]
[WhiteElo "2269"]
[BlackElo "2413"]
[PlyCount "154"]
[EventDate "2016.07.05"]
[EventType "swiss (blitz)"]
[EventRounds "9"]
[EventCountry "USA"]
[SourceTitle "EXT 2021"]
[Source "ChessBase"]
[SourceDate "2020.10.23"]
[SourceVersion "1"]
[SourceVersionDate "2020.10.23"]
[SourceQuality "1"]

1. d4 Nf6 2. c4 e6 3. Nc3 Bb4 4. Bg5 c5 5. d5 h6 6. Bh4 d6 7. e3 0-0 8. Bd3 exd5 9. cxd5 Nbd7 10. Nge2 Ne5 11. 0-0 Ng6 12. Bg3 Nh5 13. a3 Ba5 14. Qb1 Nxg3 15. hxg3 f5 16. b4 Bc7 17. Bc4 Ne5 18. Ba2 Kh8 19. Nf4 Qg5 20. Ne6 Bxe6 21. dxe6 Ng4 22. Rd1 cxb4 23. axb4 Qh5 24. Nd5 Qh2+ 25. Kf1 Qh1+ 26. Ke2 Qxg2 27. Rf1 Bb6 28. Qd3 Ne5 29. Qd2 Qf3+ 30. Ke1 Rfc8 31. e7 Qe4 32. Bb1 Qc4 33. Qe2 Qc1+ 34. Qd1 Nf3+ 35. Ke2 Qb2+ 36. Kxf3 Qxa1 37. Qd3 Qe5 38. Kg2 Re8 39. Nf4 Qf6 40. Qxf5 Qxf5 41. Bxf5 Kg8 42. Nd5 Kf7 43. Rc1 Rxe7 44. Nxe7 Kxe7 45. Be4 Rb8 46. Bd5 Bd8 47. Kf3 a5 48. b5 Bb6 49. Ke4 Bc5 50. f4 b6 51. Bc6 Rf8 52. Kf3 a4 53. Rc4 a3 54. Ra4 Kf6 55. Ra7 Rf7 56. Ra8 g5 57. g4 Re7 58. f5 Rxe3+ 59. Kg2 h5 60. Rf8+ Kg7 61. Ra8 hxg4 62. Bd7 Re2+ 63. Kg3 Kf6 64. Be6 Re4 65. Rf8+ Ke5 66. Bg8 Rf4 67. Bh7 a2 68. Re8+ Kd4 69. Ra8 Rf3+ 70. Kxg4 Ra3 71. Rxa3 Bxa3 72. f6 a1Q 73. f7 d5 74. Kxg5 Qf1 75. f8Q Qxf8 76. Bf5 Be7+ 77. Kg4 Qf6 0-1

[Event "Titled Tuesday intern op 7th June"]
[Site "Chess.com INT"]
[Date "2016.06.07"]
[Round "4"]
[White "Brock, Lesnar"]
[Black "Abdi, Farzad"]
[Result "1-0"]
[WhiteElo "2354"]
[BlackElo "2067"]
[PlyCount "33"]
[EventDate "2016.06.07"]
[EventType "swiss (blitz)"]
[EventRounds "9"]
[EventCountry "USA"]
[SourceTitle "EXT 2021"]
[Source "ChessBase"]
[SourceDate "2020.10.23"]
[SourceVersion "1"]
[SourceVersionDate "2020.10.23"]
[SourceQuality "1"]

1. d4 d5 2. Bf4 e6 3. e3 Bd6 4. Bg3 Nf6 5. Nf3 c5 6. c3 Nc6 7. Nbd2 0-0 8. Bd3 Qe7 9. Ne5 Bd7 10. f4 Rab8 11. 0-0 b5 12. a3 a5 13. Bh4 b4 14. axb4 axb4 15. Ng4 bxc3 16. Nxf6+ gxf6 17. Qh5 1-0

[Event "Titled Tuesday intern op 7th June"]
[Site "Chess.com INT"]
[Date "2016.06.07"]
[Round "7"]
[White "Brock, Lesnar"]
[Black "Abdusattorov, Nodirbek"]
[Result "0-1"]
[WhiteElo "2362"]
[BlackElo "2382"]
[PlyCount "76"]
[EventDate "2016.06.07"]
[EventType "swiss (blitz)"]
[EventRounds "9"]
[EventCountry "USA"]
[SourceTitle "EXT 2021"]
[Source "ChessBase"]
[SourceDate "2020.10.23"]
[SourceVersion "1"]
[SourceVersionDate "2020.10.23"]
[SourceQuality "1"]

1. d4 Nf6 2. Nf3 e6 3. Bf4 d5 4. e3 Bd6 5. Bg3 0-0 6. Nbd2 c5 7. c3 Nc6 8. Bd3 b6 9. Ne5 Qc7 10. f4 Bb7 11. Bh4 Nd7 12. Qh5 f5 13. Nxc6 Bxc6 14. g4 g6 15. Qg5 Kh8 16. gxf5 exf5 17. Nf3 Rae8 18. Ne5 Nxe5 19. dxe5 Be7 20. Qh6 Bxh4+ 21. Qxh4 d4 22. Rg1 dxe3 23. Rxg6 Be4 24. Bxe4 fxe4 25. Rf6 Qd7 26. Rd1 Qg7 27. Rxf8+ Rxf8 28. Qg3 Qh6 29. Rd7 Rg8 30. Qxe3 Qxh2 31. Kf1 Qh1+ 32. Ke2 Rg2+ 33. Qf2 Rxf2+ 34. Kxf2 Qf3+ 35. Ke1 Qxf4 36. Rd8+ Kg7 37. Rd7+ Kg6 38. Rf7 Qxf7 0-1

[Event "Titled Tuesday intern op 7th June"]
[Site "Chess.com INT"]
[Date "2016.06.07"]
[Round "2"]
[White "Storey, Charles"]
[Black "Brock, Lesnar"]
[Result "0-1"]
[WhiteElo "2256"]
[BlackElo "2354"]
[PlyCount "72"]
[EventDate "2016.06.07"]
[EventType "swiss (blitz)"]
[EventRounds "9"]
[EventCountry "USA"]
[SourceTitle "EXT 2021"]
[Source "ChessBase"]
[SourceDate "2020.10.23"]
[SourceVersion "1"]
[SourceVersionDate "2020.10.23"]
[SourceQuality "1"]

1. e4 c6 2. d4 d5 3. Nc3 dxe4 4. Nxe4 Bf5 5. Ng3 Bg6 6. Nh3 e6 7. Nf4 Qc7 8. Nxg6 hxg6 9. Bd3 Nf6 10. 0-0 Nbd7 11. c4 Bd6 12. Be3 0-0-0 13. b4 Ng4 14. Qxg4 Nf6 15. Qf3 Rh4 16. Bg5 Rxd4 17. Bxf6 gxf6 18. Be2 f5 19. c5 Be5 20. Rad1 Rxb4 21. Rxd8+ Qxd8 22. Rd1 Rd4 23. Rxd4 Qxd4 24. Qe3 Qa1+ 25. Nf1 Bd4 26. Qa3 Qe1 27. Qf3 Bxc5 28. g3 g5 29. Kg2 g4 30. Qf4 Qxe2 31. Nd2 Qd3 32. Nb3 Bb6 33. h4 gxh3+ 34. Kxh3 Qf1+ 35. Kh4 Qxf2 36. Kg5 Be3 0-1